| 000 | 00554cam a2200193 i 4500 | ||
|---|---|---|---|
| 020 | _a 9782804153069 | ||
| 020 | _a2804153061 | ||
| 040 | _cAU@ | ||
| 082 | _a541 ATK 2008 C283 Or. | ||
| 100 | 1 | _aAtkins, P. W. | |
| 245 | 1 | 0 |
_aChemical principles : _bthe quest for insight / |
| 250 | _aSeventh edition | ||
| 300 |
_axxvi, F1-F106, 830, A1-A26, B1-B29, C1-C57, D1-D12, 2 unnumbered pages : _bcolor illustrations ; _c27 cm |
||
| 650 | 0 | _aChemistry | |
| 650 | 0 | _aChemistry | |
| 700 | 1 | _aJones, Loretta, | |
| 700 | 1 | _aLaverman, Leroy, | |
| 942 | _cAEDBB | ||
| 999 |
_c22513 _d22513 |
||